[Event "Hessen-ch U12"]
[Site "Bad Homburg"]
[Date "2014.??.??"]
[Round "4"]
[White "Papadopoulos, Ioannis"]
[Black "Engert, Kiyan"]
[Result "1-0"]
[WhiteElo "1378"]
[BlackElo "989"]
[PlyCount "103"]
[EventDate "2014.04.??"]
[EventType "swiss"]
[EventRounds "9"]
[EventCountry "GER"]
[SourceTitle "EXT 2022"]
[Source "ChessBase"]
[SourceDate "2021.10.06"]
[SourceVersion "1"]
[SourceVersionDate "2021.10.06"]
[SourceQuality "1"]

1. e4 e5 2. Nf3 Nc6 3. d4 exd4 4. Bc4 d6 5. Nxd4 Nxd4 6. Qxd4 Nf6 7. Nc3 Bd7 8. 0-0 Be7 9. Bf4 0-0 10. Rfe1 Nh5 11. Be3 Bf6 12. Qd3 Bxc3 13. Qxc3 Qf6 14. Qxf6 Nxf6 15. f3 h6 16. Rad1 Rfe8 17. Bd4 Be6 18. Bd3 Rad8 19. Bxf6 gxf6 20. Kf2 Kh8 21. a3 Rg8 22. Re3 Rg7 23. Be2 Rdg8 24. g3 Rh7 25. Rc3 Rc8 26. Bc4 h5 27. Bd5 Bxd5 28. Rxd5 h4 29. g4 Kg8 30. Rxd6 Kg7 31. Rd7 Rhh8 32. Rcxc7 Rxc7 33. Rxc7 Rd8 34. Ke3 Rd1 35. Rxb7 Rh1 36. c4 Rxh2 37. c5 Rc2 38. Rd7 h3 39. Rd1 h2 40. Rh1 Rxb2 41. c6 Rc2 42. Kd3 Rxc6 43. Rxh2 Rb6 44. Rc2 Rb3+ 45. Rc3 Rb1 46. Kc4 Kg6 47. Kd3 Kg5 48. Ke3 a5 49. Rc5+ Kg6 50. Rxa5 Rb3+ 51. Kf4 Rc3 52. Ra6 1-0

[Event "GRE-ch U20"]
[Site "Athens"]
[Date "2006.01.05"]
[Round "4.1"]
[White "Papadopoulos, Ioannis"]
[Black "Spyropoulos, Georgios"]
[Result "1-0"]
[WhiteElo "2256"]
[BlackElo "2052"]
[PlyCount "91"]
[EventDate "2006.01.03"]
[EventType "swiss"]
[EventRounds "9"]
[EventCountry "GRE"]
[SourceTitle "EXT 2024"]
[Source "ChessBase"]
[SourceDate "2023.10.10"]
[SourceVersion "1"]
[SourceVersionDate "2023.10.10"]
[SourceQuality "1"]

1. e4 c5 2. Nf3 d6 3. d4 cxd4 4. Nxd4 Nf6 5. Nc3 a6 6. Be3 e5 7. Nb3 Be6 8. f3 Nbd7 9. Qd2 Be7 10. 0-0-0 b5 11. Nd5 Bxd5 12. exd5 Qc7 13. Kb1 Rc8 14. Rc1 Nb6 15. Bxb6 Qxb6 16. c4 bxc4 17. Bxc4 0-0 18. Rhd1 Nd7 19. Qa5 Bg5 20. Rc2 Ra8 21. Qxb6 Nxb6 22. Na5 Be3 23. Bb3 Rfc8 24. Rc6 Rxc6 25. dxc6 Nc8 26. Nb7 Bd4 27. f4 Kf8 28. fxe5 Bxe5 29. Rf1 f6 30. Nd8 Ra7 31. Be6 Nb6 32. Nb7 Ke7 33. Bg4 Nd5 34. Rf3 g6 35. Rd3 Nc7 36. Bd7 Ra8 37. a4 a5 38. Rh3 h5 39. g4 Nd5 40. gxh5 Nf4 41. Rg3 g5 42. Bf5 Ne6 43. Rd3 Ra6 44. h6 Rxc6 45. Bxe6 Rb6 46. Rb3 1-0

[Event "GRE-ch U20"]
[Site "Athens"]
[Date "2006.01.04"]
[Round "3.1"]
[White "Panagiotopoulos, Alexandros"]
[Black "Papadopoulos, Ioannis"]
[Result "1/2-1/2"]
[WhiteElo "2171"]
[BlackElo "2256"]
[PlyCount "56"]
[EventDate "2006.01.03"]
[EventType "swiss"]
[EventRounds "9"]
[EventCountry "GRE"]
[SourceTitle "EXT 2024"]
[Source "ChessBase"]
[SourceDate "2023.10.10"]
[SourceVersion "1"]
[SourceVersionDate "2023.10.10"]
[SourceQuality "1"]

1. e4 c5 2. Nf3 Nc6 3. d4 cxd4 4. Nxd4 Nf6 5. Nc3 e5 6. Ndb5 d6 7. Bg5 a6 8. Na3 b5 9. Bxf6 gxf6 10. Nd5 f5 11. c3 Bg7 12. Bd3 Be6 13. Nxb5 Bxd5 14. exd5 Ne7 15. Na3 e4 16. Bc2 Ng6 17. 0-0 Be5 18. Ba4+ Kf8 19. Qh5 Rg8 20. f4 exf3 21. Rxf3 Nh4 22. Rf2 Rg5 23. Qxh7 Nxg2 24. Rxg2 Rxg2+ 25. Kxg2 Qg5+ 26. Kf2 Qf4+ 27. Ke2 Qe4+ 28. Kf2 Qf4+ 1/2-1/2

[Event "Kalamaria op"]
[Site "Kalamaria"]
[Date "2004.04.24"]
[Round "8.5"]
[White "Dalaklis, Georgios"]
[Black "Papadopoulos, Ioannis"]
[Result "1/2-1/2"]
[WhiteElo "2055"]
[BlackElo "2250"]
[PlyCount "52"]
[EventDate "2004.04.25"]
[EventType "swiss"]
[EventRounds "9"]
[EventCountry "GRE"]
[SourceTitle "EXT 2024"]
[Source "ChessBase"]
[SourceDate "2023.10.10"]
[SourceVersion "1"]
[SourceVersionDate "2023.10.10"]
[SourceQuality "1"]

1. e4 c5 2. Nf3 Nc6 3. Nc3 e5 4. Bc4 Be7 5. d3 Nf6 6. Nd2 0-0 7. Nf1 d6 8. Ne3 Be6 9. Ncd5 a6 10. c3 Nd7 11. a3 b5 12. Ba2 Bg5 13. 0-0 Ne7 14. Nxe7+ Qxe7 15. Nd5 Bxd5 16. Bxd5 Rab8 17. b4 Bxc1 18. Rxc1 Nb6 19. Bb3 c4 20. dxc4 bxc4 21. Bc2 Ra8 22. Rb1 Qc7 23. Re1 Rfd8 24. Qf3 a5 25. Qe3 Rdb8 26. a4 g6 1/2-1/2